00806nam a2200265 u 450000100070000000500170000700800410002402000150006503500110008003500210009104000130011204100080012508200080013310000380014124500590017926000330023830000180027165000390028965000350032865000180036365000380038170000420041970000420046170000370050390722420260506154528.0050201e20040201 spa  a8497322436 a907224 a(OCoLC)433494860 ccomduadb aspa 4a65810aAragon Sanchez, Antonio4auteaut10aFundamentos de direccion y gestion de recursos humanos aBarcelona :bThomson,c2004. a297 páginas 7aAdministración de personal2lemb 7aEvaluación de personal2lemb aRetribución 7aCapacitación de empleados2lemb10aGarcia Tenorio Ronda, Jesus4edteedt10aPerez Rodriguez, Maria Jose4auteaut10aSabater Sanchez, Ramon4edteedt